Movie by Plot Twist - Statistics

General Stats
  • This quiz has been taken 51 times
  • The average score is 3 of 5
Answer Stats
Hint Answer % Correct
Tyler Durden isn't real Fight Club
95%
Verbal Kint is Keyser Söze The Usual Suspects
77%
Malcolm Crowe is dead The Sixth Sense
67%
Rosebud is his sled Citizen Kane
60%
Leonard already killed John G. Memento
40%
No matching quizzes found
Score Distribution
Percent of People with Each Score
Percentile by Number Answered
Your Score History
You have not taken this quiz